[Event "17. Obert Int. Sant Marti 2015"]
[Site "Barcelona ESP"]
[Date "2015.07.13"]
[Round "1.1"]
[White "Meylan, Andre"]
[Black "Grigoryan, Karen H."]
[Result "0-1"]
[WhiteElo "2196"]
[BlackElo "2580"]
[PlyCount "114"]
[EventDate "2015.07.13"]
[EventType "swiss"]
[EventRounds "9"]
[EventCountry "ESP"]
[SourceTitle "Ajedrez en Madrid"]
[Source "lmi"]
[SourceDate "2013.07.13"]
[SourceVersion "1"]
[SourceVersionDate "2019.06.24"]
[SourceQuality "1"]

1. e4 c5 2. Nf3 d6 3. d4 cxd4 4. Nxd4 Nf6 5. Nc3 a6 6. a4 Nc6 7. Be2 g6 8. O-O
Bg7 9. Be3 O-O 10. f4 Bd7 11. Bf3 Rc8 12. Nb3 Be6 13. Nd4 Nxd4 14. Bxd4 Qa5 15.
Qd2 Rc4 16. Be3 Rfc8 17. Ra3 Bg4 18. Rb3 Bxf3 19. Rxf3 Ng4 20. Bb6 Bxc3 21.
Bxa5 Bxd2 22. Bxd2 Rxc2 23. Bc3 Rc7 24. h3 Nf6 25. Bxf6 exf6 26. Rfd3 Re2 27.
Rxd6 Rcc2 28. Rg3 Rxb2 29. Rd4 a5 30. Kh1 h5 31. h4 Re1+ 32. Kh2 Rbe2 33. Rb3
Rxe4 34. Rxe4 Rxe4 35. Kg3 Rb4 36. Ra3 Kg7 37. Kf3 g5 38. fxg5 fxg5 39. hxg5
Kg6 40. g3 Kxg5 41. Rc3 Rxa4 42. Rc5+ f5 43. Rb5 Ra3+ 44. Kf2 Kg4 45. Rxb7 Rf3+
46. Ke2 Rxg3 47. Rg7+ Kf4 48. Rh7 Rh3 49. Ra7 Rh2+ 50. Kd3 Ra2 51. Rh7 Kg4 52.
Rg7+ Kf3 53. Rg5 f4 54. Rxh5 Kg4 55. Rh8 f3 56. Rg8+ Kf4 57. Rf8+ Kg3 0-1

[Event "17. Obert Int. Sant Marti 2015"]
[Site "Barcelona ESP"]
[Date "2015.07.13"]
[Round "1.2"]
[White "Burmakin, Vladimir"]
[Black "Juan Bartroli, Pau"]
[Result "1-0"]
[WhiteElo "2571"]
[BlackElo "2195"]
[PlyCount "73"]
[EventDate "2015.07.13"]
[EventType "swiss"]
[EventRounds "9"]
[EventCountry "ESP"]
[SourceTitle "Ajedrez en Madrid"]
[Source "lmi"]
[SourceDate "2013.07.13"]
[SourceVersion "1"]
[SourceVersionDate "2019.06.24"]
[SourceQuality "1"]

1. d4 Nf6 2. Nf3 e6 3. c4 Bb4+ 4. Bd2 Qe7 5. g3 b6 6. Bg2 Bb7 7. O-O Bxd2 8.
Qxd2 d6 9. Nc3 Ne4 10. Qe3 Nxc3 11. Qxc3 Nd7 12. d5 e5 13. b4 a5 14. a3 O-O 15.
Nd2 f5 16. Nb3 a4 17. Nd2 e4 18. Rfe1 Rae8 19. f4 exf3 20. exf3 Qxe1+ 21. Rxe1
Rxe1+ 22. Kf2 Rfe8 23. Bf1 Nf6 24. Qc2 Ra1 25. Nb1 f4 26. Qb2 Rxb1 27. Qxb1 Re3
28. Bd3 b5 29. gxf4 Re7 30. cxb5 Bxd5 31. Qc2 Nh5 32. Bxh7+ Kh8 33. Qf5 Nf6 34.
Bg6 Be6 35. Qc2 Nd5 36. f5 Bg8 37. Qc4 1-0

[Event "17. Obert Int. Sant Marti 2015"]
[Site "Barcelona ESP"]
[Date "2015.07.13"]
[Round "1.3"]
[White "Becerra, Juan David"]
[Black "Peralta, Fernando"]
[Result "1/2-1/2"]
[WhiteElo "2178"]
[BlackElo "2556"]
[PlyCount "42"]
[EventDate "2015.07.13"]
[EventType "swiss"]
[EventRounds "9"]
[EventCountry "ESP"]
[SourceTitle "Ajedrez en Madrid"]
[Source "lmi"]
[SourceDate "2013.07.13"]
[SourceVersion "1"]
[SourceVersionDate "2019.06.24"]
[SourceQuality "1"]

1. e4 c6 2. d4 d5 3. e5 Bf5 4. Nc3 e6 5. g4 Bg6 6. Nge2 h5 7. Nf4 Ne7 8. Nxg6
Nxg6 9. gxh5 Ne7 10. Bg5 Qb6 11. Na4 Qa5+ 12. c3 Nf5 13. a3 Nd7 14. b4 Qc7 15.
Bd3 f6 16. exf6 gxf6 17. Bxf5 exf5 18. Bd2 O-O-O 19. Qf3 Re8+ 20. Kd1 Re4 21.
Qxf5 Rh4 1/2-1/2

[Event "17. Obert Int. Sant Marti 2015"]
[Site "Barcelona ESP"]
[Date "2015.07.13"]
[Round "1.5"]
[White "Nunez Lucero, Francisco"]
[Black "Alsina Leal, Daniel"]
[Result "0-1"]
[WhiteElo "2174"]
[BlackElo "2531"]
[PlyCount "54"]
[EventDate "2015.07.13"]
[EventType "swiss"]
[EventRounds "9"]
[EventCountry "ESP"]
[SourceTitle "Ajedrez en Madrid"]
[Source "lmi"]
[SourceDate "2013.07.13"]
[SourceVersion "1"]
[SourceVersionDate "2019.06.24"]
[SourceQuality "1"]

1. e4 c5 2. Nf3 d6 3. Bc4 Nf6 4. d3 e6 5. Bb3 Be7 6. O-O O-O 7. c3 b6 8. Re1
Bb7 9. Nbd2 Nbd7 10. Nf1 Rc8 11. Ng3 Qc7 12. d4 Rfe8 13. Bf4 e5 14. Bg5 h6 15.
Bd2 cxd4 16. cxd4 exd4 17. Rc1 Qd8 18. Rxc8 Qxc8 19. Nxd4 Bf8 20. Ndf5 Nc5 21.
f3 Nxb3 22. Qxb3 d5 23. Bc3 dxe4 24. Bxf6 exf3 25. Ne7+ Bxe7 26. Bxe7 fxg2 27.
Qb5 Rxe7 0-1

[Event "17. Obert Int. Sant Marti 2015"]
[Site "Barcelona ESP"]
[Date "2015.07.13"]
[Round "1.6"]
[White "Ghosh, Diptayan"]
[Black "Mateus, Martha"]
[Result "1-0"]
[WhiteElo "2523"]
[BlackElo "2172"]
[PlyCount "57"]
[EventDate "2015.07.13"]
[EventType "swiss"]
[EventRounds "9"]
[EventCountry "ESP"]
[SourceTitle "Ajedrez en Madrid"]
[Source "lmi"]
[SourceDate "2013.07.13"]
[SourceVersion "1"]
[SourceVersionDate "2019.06.24"]
[SourceQuality "1"]

1. d4 d5 2. c4 e6 3. Nf3 Nf6 4. g3 c6 5. Bg2 Nbd7 6. O-O Bd6 7. Nc3 O-O 8. Nd2
Re8 9. e4 Nxe4 10. Ndxe4 dxe4 11. Nxe4 Bf8 12. Be3 h6 13. Re1 e5 14. d5 cxd5
15. Qxd5 Nb6 16. Qxd8 Rxd8 17. b3 f5 18. Nc3 Bb4 19. Rec1 Bxc3 20. Rxc3 Rb8 21.
Re1 e4 22. f3 exf3 23. Bxf3 Re8 24. Rcc1 Kf7 25. Bf4 Rxe1+ 26. Rxe1 Ra8 27. c5
Nd7 28. Bd5+ Kg6 29. c6 1-0

[Event "17. Obert Int. Sant Marti 2015"]
[Site "Barcelona ESP"]
[Date "2015.07.13"]
[Round "1.7"]
[White "Perez Otero, Juan Antonio"]
[Black "Gomez Garrido, Camilo Ernesto"]
[Result "0-1"]
[WhiteElo "2169"]
[BlackElo "2519"]
[PlyCount "96"]
[EventDate "2015.07.13"]
[EventType "swiss"]
[EventRounds "9"]
[EventCountry "ESP"]
[SourceTitle "Ajedrez en Madrid"]
[Source "lmi"]
[SourceDate "2013.07.13"]
[SourceVersion "1"]
[SourceVersionDate "2019.06.24"]
[SourceQuality "1"]

1. Nf3 c5 2. c4 Nc6 3. Nc3 g6 4. g3 Bg7 5. Bg2 d6 6. O-O Bf5 7. d3 Qd7 8. Re1
Bh3 9. Bh1 h6 10. Bd2 Nf6 11. a3 O-O 12. Rb1 Rac8 13. b4 b6 14. Qa4 e5 15. Rec1
Nh5 16. Nd5 f5 17. b5 Ne7 18. Nh4 Kh7 19. Qd1 Nxd5 20. Bxd5 Nf6 21. Bc6 Rxc6
22. bxc6 Qxc6 23. Nf3 e4 24. Ne1 exd3 25. exd3 Re8 26. Be3 Ng4 27. Qf3 Qa4 28.
Nc2 Re7 29. d4 Qxc4 30. Nb4 Qf7 31. Nd5 Re4 32. Nf4 Nxe3 33. Nxh3 Nc4 34. dxc5
Nd2 35. Qd3 Nxb1 36. cxd6 Nc3 37. d7 Ne2+ 38. Qxe2 Qxd7 39. Qc2 b5 40. Rd1 Qe7
41. Kg2 Rc4 42. Qb1 Qc5 43. Nf4 Rc2 44. Nd3 Qc6+ 45. Kg1 a5 46. Qb3 Rc3 47. Qf7
Qf3 48. Nb2 Rc2 0-1

[Event "17. Obert Int. Sant Marti 2015"]
[Site "Barcelona ESP"]
[Date "2015.07.13"]
[Round "1.8"]
[White "Cicak, Slavko"]
[Black "Fernandez Madrid, Carlos"]
[Result "1-0"]
[WhiteElo "2514"]
[BlackElo "2168"]
[PlyCount "53"]
[EventDate "2015.07.13"]
[EventType "swiss"]
[EventRounds "9"]
[EventCountry "ESP"]
[SourceTitle "Ajedrez en Madrid"]
[Source "lmi"]
[SourceDate "2013.07.13"]
[SourceVersion "1"]
[SourceVersionDate "2019.06.24"]
[SourceQuality "1"]

1. e4 d6 2. d4 Nf6 3. Nc3 g6 4. h3 Bg7 5. Nge2 O-O 6. g4 c5 7. dxc5 Qa5 8. cxd6
Nxe4 9. dxe7 Re8 10. Qd5 Qb4 11. Qb5 Bxc3+ 12. Nxc3 Qxe7 13. Nd5 Qd8 14. Be3
Bd7 15. Qd3 Qa5+ 16. b4 Qd8 17. Bg2 Bc6 18. Bxe4 Rxe4 19. Qxe4 Qxd5 20. Qxd5
Bxd5 21. O-O Nc6 22. a3 Ne5 23. f4 Nf3+ 24. Kf2 Rc8 25. c4 Be4 26. Kg3 h5 27.
Rxf3 1-0

[Event "17. Obert Int. Sant Marti 2015"]
[Site "Barcelona ESP"]
[Date "2015.07.13"]
[Round "1.9"]
[White "Perez Pastora, Evarist"]
[Black "Cuartas, Jaime Alexander"]
[Result "0-1"]
[WhiteElo "2158"]
[BlackElo "2503"]
[PlyCount "58"]
[EventDate "2015.07.13"]
[EventType "swiss"]
[EventRounds "9"]
[EventCountry "ESP"]
[SourceTitle "Ajedrez en Madrid"]
[Source "lmi"]
[SourceDate "2013.07.13"]
[SourceVersion "1"]
[SourceVersionDate "2019.06.24"]
[SourceQuality "1"]

1. e4 e5 2. Nf3 Nc6 3. Bb5 a6 4. Ba4 Nf6 5. d4 exd4 6. O-O Be7 7. e5 Ne4 8.
Nxd4 Nxd4 9. Qxd4 Nc5 10. Nc3 O-O 11. Ne4 Nxa4 12. Qxa4 d5 13. exd6 cxd6 14.
Rd1 d5 15. Nc3 Be6 16. Be3 b5 17. Qf4 Qd7 18. Rd2 Rac8 19. Rad1 Rc4 20. Rd4 Qc8
21. Qg3 Bf6 22. Nxd5 Bxd5 23. Rxd5 Bxb2 24. Qd6 Rxc2 25. a4 bxa4 26. Bc5 Re8
27. Ba3 Qe6 28. Qxe6 fxe6 29. R5d3 Rb8 0-1

[Event "17. Obert Int. Sant Marti 2015"]
[Site "Barcelona ESP"]
[Date "2015.07.13"]
[Round "1.10"]
[White "Shyam, Sundar M."]
[Black "Havik, Victor"]
[Result "1-0"]
[WhiteElo "2492"]
[BlackElo "2139"]
[PlyCount "57"]
[EventDate "2015.07.13"]
[EventType "swiss"]
[EventRounds "9"]
[EventCountry "ESP"]
[SourceTitle "Ajedrez en Madrid"]
[Source "lmi"]
[SourceDate "2013.07.13"]
[SourceVersion "1"]
[SourceVersionDate "2019.06.24"]
[SourceQuality "1"]

1. e4 e5 2. Bc4 Nf6 3. d3 Bc5 4. Nc3 Nc6 5. Nf3 O-O 6. h3 a6 7. g4 b5 8. Bb3
Bb7 9. Rg1 Nd4 10. g5 Nxf3+ 11. Qxf3 Ne8 12. g6 hxg6 13. Rxg6 b4 14. Na4 Be7
15. Rg2 d5 16. exd5 Bd6 17. Bg5 Qd7 18. O-O-O f6 19. Be3 Rf7 20. Rdg1 Qe7 21.
Rg6 f5 22. Bg5 Qf8 23. Qh5 Nf6 24. Bxf6 Rxf6 25. Nc5 Rxg6 26. Qxg6 Bc8 27. Ne6
Bxe6 28. dxe6 Qe7 29. Rg5 1-0

[Event "17. Obert Int. Sant Marti 2015"]
[Site "Barcelona ESP"]
[Date "2015.07.13"]
[Round "1.12"]
[White "Oliva Castaneda, Kevel"]
[Black "Coppola, Federico"]
[Result "1-0"]
[WhiteElo "2488"]
[BlackElo "2136"]
[PlyCount "145"]
[EventDate "2015.07.13"]
[EventType "swiss"]
[EventRounds "9"]
[EventCountry "ESP"]
[SourceTitle "Ajedrez en Madrid"]
[Source "lmi"]
[SourceDate "2013.07.13"]
[SourceVersion "1"]
[SourceVersionDate "2019.06.24"]
[SourceQuality "1"]

1. Nf3 Nf6 2. c4 c5 3. g3 g6 4. Bg2 Bg7 5. O-O d5 6. cxd5 Nxd5 7. Nc3 O-O 8.
Nxd5 Qxd5 9. d3 Nc6 10. Be3 Bxb2 11. Rb1 Bf6 12. Qa4 Qd7 13. Bxc5 b6 14. Bxb6
Nd4 15. Qd1 axb6 16. Nxd4 Bb7 17. Nf3 Rxa2 18. Rxb6 Ra1 19. Rb1 Rfa8 20. Nd2
Bxg2 21. Kxg2 Qd5+ 22. Nf3 R1a3 23. Rb4 Ra2 24. h4 h5 25. e4 Qd6 26. Rb5 Ra1
27. Qe2 R8a2 28. Qe3 Rxf1 29. Kxf1 Qd7 30. Rb8+ Kh7 31. Kg2 e6 32. d4 Ra4 33.
e5 Be7 34. Qe4 Ra7 35. Qf4 Kg7 36. Ng5 Bd8 37. Kh2 Rb7 38. Ra8 Ra7 39. Rxa7
Qxa7 40. Nf3 Qa2 41. Kg2 Qd5 42. g4 hxg4 43. Qxg4 Kf8 44. Kg3 Qc6 45. Qf4 Kg7
46. Nh2 Qh1 47. Nf3 Qb1 48. Qe3 Qf5 49. Qc1 Qe4 50. Qc3 Qb7 51. Qc4 Be7 52. Qc1
Bd8 53. Nh2 Qe4 54. Nf3 Qb7 55. Qf4 Qc6 56. Qg4 Kf8 57. h5 gxh5 58. Qxh5 Qe4
59. Qh8+ Ke7 60. Qg7 Qf5 61. Qh6 Ke8 62. Qg7 Qe4 63. Qg8+ Ke7 64. Ng5 Qf5 65.
Nh7 Kd7 66. f3 Qg6+ 67. Qxg6 fxg6 68. Nf8+ Kc6 69. Nxe6 Bb6 70. Kg4 Kd5 71.
Nf4+ Kxd4 72. Nxg6 Kd5 73. Kf5 1-0

[Event "17. Obert Int. Sant Marti 2015"]
[Site "Barcelona ESP"]
[Date "2015.07.13"]
[Round "1.13"]
[White "Leriche, Luc"]
[Black "Diermair, Andreas"]
[Result "0-1"]
[WhiteElo "2132"]
[BlackElo "2485"]
[PlyCount "162"]
[EventDate "2015.07.13"]
[EventType "swiss"]
[EventRounds "9"]
[EventCountry "ESP"]
[SourceTitle "Ajedrez en Madrid"]
[Source "lmi"]
[SourceDate "2013.07.13"]
[SourceVersion "1"]
[SourceVersionDate "2019.06.24"]
[SourceQuality "1"]

1. d4 Nf6 2. Nf3 d5 3. c3 Bf5 4. Qb3 Qc8 5. Bf4 e6 6. e3 Bd6 7. Bg3 Ne4 8. Nbd2
Nxg3 9. hxg3 h6 10. c4 c6 11. Rc1 Nd7 12. Bd3 Bxd3 13. Qxd3 Nf6 14. e4 dxe4 15.
Nxe4 Bb4+ 16. Ke2 Be7 17. Nxf6+ Bxf6 18. g4 Qd8 19. Qe3 Qb6 20. Rc2 O-O-O 21.
Rd1 Rhe8 22. Rcd2 Qa5 23. a3 Qa6 24. Rc1 Qb6 25. Rcd1 Qc7 26. Qe4 Re7 27. b4
Qb6 28. Rd3 a5 29. bxa5 Qxa5 30. Ne5 Qa4 31. f3 Rc7 32. R1d2 Kb8 33. Rb2 Bxe5
34. dxe5 Rcd7 35. Rbd2 Rxd3 36. Rxd3 Qc2+ 37. Ke3 Qc1+ 38. Kf2 Rxd3 39. Qxd3
Qb2+ 40. Qe2 Qxa3 41. Kg3 Qc3 42. Qe4 Ka7 43. Kh3 g5 44. Qh7 Qa1 45. Kh2 Qxe5+
46. Kg1 Qd4+ 47. Kh1 Qxc4 48. Qxh6 Qc1+ 49. Kh2 Qf4+ 50. Kg1 b5 51. Qf8 Kb6 52.
Qd8+ Kc5 53. Qa5 f5 54. Qa7+ Kb4 55. Qe7+ c5 56. Qxe6 fxg4 57. Qe1+ Kc4 58.
Qe2+ Kd4 59. Qb2+ Kd5 60. Qb3+ Qc4 61. Qd1+ Kc6 62. fxg4 b4 63. Qa4+ Kd6 64.
Qe8 Qd4+ 65. Kh2 Qf4+ 66. g3 Qxg4 67. Qd8+ Ke5 68. Qc7+ Kd5 69. Qf7+ Kd4 70.
Qf2+ Kc4 71. Qa2+ Kb5 72. Qd5 Qe2+ 73. Kh1 Qf1+ 74. Kh2 Qf2+ 75. Kh3 Ka4 76.
Qc4 Qf5+ 77. Kh2 Ka3 78. Qa6+ Kb2 79. Qa7 b3 80. Qg7+ Kb1 81. Qa7 c4 0-1

[Event "17. Obert Int. Sant Marti 2015"]
[Site "Barcelona ESP"]
[Date "2015.07.13"]
[Round "1.14"]
[White "Ducarmon, Quinten"]
[Black "Molano Lafuente, Ismael"]
[Result "1-0"]
[WhiteElo "2475"]
[BlackElo "2112"]
[PlyCount "57"]
[EventDate "2015.07.13"]
[EventType "swiss"]
[EventRounds "9"]
[EventCountry "ESP"]
[SourceTitle "Ajedrez en Madrid"]
[Source "lmi"]
[SourceDate "2013.07.13"]
[SourceVersion "1"]
[SourceVersionDate "2019.06.24"]
[SourceQuality "1"]

1. e4 c5 2. Nf3 Nc6 3. Nc3 e6 4. d4 cxd4 5. Nxd4 Nf6 6. Ndb5 Bc5 7. Bf4 O-O 8.
Bc7 Qe7 9. Bd6 Bxd6 10. Qxd6 Ne8 11. Qxe7 Nxe7 12. O-O-O a6 13. Nd6 Nxd6 14.
Rxd6 f5 15. Bd3 fxe4 16. Bxe4 Nf5 17. Bxf5 Rxf5 18. f3 Kf8 19. Na4 Ke8 20. Nb6
Rb8 21. Rhd1 Rf7 22. R1d4 g6 23. Kd2 Re7 24. Ke3 Kd8 25. c4 Kc7 26. c5 Rf7 27.
Rf4 Rf5 28. Rxf5 gxf5 29. f4 1-0

[Event "17. Obert Int. Sant Marti 2015"]
[Site "Barcelona ESP"]
[Date "2015.07.13"]
[Round "1.15"]
[White "Vazquez Moreno, Josep M"]
[Black "Harutyunian, Tigran K."]
[Result "0-1"]
[WhiteElo "2104"]
[BlackElo "2472"]
[PlyCount "98"]
[EventDate "2015.07.13"]
[EventType "swiss"]
[EventRounds "9"]
[EventCountry "ESP"]
[SourceTitle "Ajedrez en Madrid"]
[Source "lmi"]
[SourceDate "2013.07.13"]
[SourceVersion "1"]
[SourceVersionDate "2019.06.24"]
[SourceQuality "1"]

1. e4 c5 2. Nf3 e6 3. d4 cxd4 4. Nxd4 Nc6 5. Nc3 Qc7 6. Nxc6 bxc6 7. Bd3 Nf6 8.
O-O e5 9. Qe2 Be7 10. b3 O-O 11. Bb2 Re8 12. Rad1 Bf8 13. Bc4 d6 14. Rd2 Bb7
15. Rfd1 Rad8 16. Qe3 d5 17. exd5 cxd5 18. Nxd5 Nxd5 19. Bxd5 Bxd5 20. Rxd5
Rxd5 21. Rxd5 Qxc2 22. Qc1 Rc8 23. Rd1 Qe2 24. Qd2 Rc2 25. Qxe2 Rxe2 26. Bc3 f6
27. Bd2 Bc5 28. Be3 Bxe3 29. fxe3 Rxa2 30. Kf1 h5 31. Rd7 Kh7 32. b4 Kg6 33. b5
h4 34. h3 Kf5 35. Rxg7 Ke4 36. Rc7 Kxe3 37. Rc3+ Ke4 38. Rb3 f5 39. b6 axb6 40.
Rxb6 Kf4 41. Rh6 Ke3 42. Kg1 Ra4 43. Rb6 Ra1+ 44. Kh2 e4 45. g4 hxg3+ 46. Kxg3
Rg1+ 47. Kh2 Rg8 48. Rb3+ Kf4 49. Rb1 e3 0-1

[Event "17. Obert Int. Sant Marti 2015"]
[Site "Barcelona ESP"]
[Date "2015.07.13"]
[Round "1.16"]
[White "Pardo Simon, David"]
[Black "Petrone, Gianmario"]
[Result "1-0"]
[WhiteElo "2468"]
[BlackElo "2102"]
[PlyCount "45"]
[EventDate "2015.07.13"]
[EventType "swiss"]
[EventRounds "9"]
[EventCountry "ESP"]
[SourceTitle "Ajedrez en Madrid"]
[Source "lmi"]
[SourceDate "2013.07.13"]
[SourceVersion "1"]
[SourceVersionDate "2019.06.24"]
[SourceQuality "1"]

1. e4 c5 2. Nc3 d6 3. f4 g6 4. Nf3 Bg7 5. Bc4 Nf6 6. O-O O-O 7. Qe1 Nc6 8. e5
dxe5 9. fxe5 Ng4 10. e6 f6 11. d3 Nge5 12. Nxe5 Nxe5 13. Bd5 Qb6 14. Be3 Ng4
15. Bf4 Qxb2 16. Rb1 Qa3 17. Bc4 Qa5 18. Nd5 Qxe1 19. Rfxe1 f5 20. h3 Bd4+ 21.
Kf1 b5 22. Nxe7+ Kg7 23. Bd5 1-0

[Event "17. Obert Int. Sant Marti 2015"]
[Site "Barcelona ESP"]
[Date "2015.07.13"]
[Round "1.17"]
[White "Huguet, Sergio"]
[Black "Kanmazalp, Ogulcan"]
[Result "0-1"]
[WhiteElo "2094"]
[BlackElo "2468"]
[PlyCount "104"]
[EventDate "2015.07.13"]
[EventType "swiss"]
[EventRounds "9"]
[EventCountry "ESP"]
[SourceTitle "Ajedrez en Madrid"]
[Source "lmi"]
[SourceDate "2013.07.13"]
[SourceVersion "1"]
[SourceVersionDate "2019.06.24"]
[SourceQuality "1"]

1. d4 Nf6 2. Bg5 c5 3. Nc3 cxd4 4. Qxd4 Nc6 5. Qh4 d6 6. O-O-O Be6 7. Nf3 Rc8
8. Nd4 Nxd4 9. Qxd4 Qa5 10. Bxf6 gxf6 11. e3 Bg7 12. Bb5+ Kf8 13. Qa4 Qxa4 14.
Bxa4 Rc5 15. Bb3 Bxb3 16. axb3 f5 17. Rd5 Rxd5 18. Nxd5 e6 19. Nf4 Rg8 20. g3
Ke7 21. c3 d5 22. Kc2 Rc8 23. Ra1 a6 24. Kd3 Kd6 25. Ra5 Bf6 26. b4 Bd8 27. Ra1
e5 28. Ne2 Kc6 29. f4 e4+ 30. Kd2 Bb6 31. Rc1 Kb5 32. b3 Rc6 33. h4 Rd6 34. Rc2
Kc6 35. Rc1 Kd7 36. Rc2 Ke7 37. Rc1 Kf6 38. Rc2 Kg6 39. Rc1 Kh5 40. Nd4 Bxd4
41. cxd4 Rc6 42. Rc5 Rxc5 43. dxc5 Kg4 44. Kc3 Kxg3 45. Kd4 Kf3 46. h5 h6 47.
Kxd5 Kxe3 48. Kd6 Kxf4 49. Kc7 e3 50. Kxb7 e2 51. c6 e1=Q 52. c7 Qxb4+ 0-1

[Event "17. Obert Int. Sant Marti 2015"]
[Site "Barcelona ESP"]
[Date "2015.07.13"]
[Round "1.18"]
[White "Manolache, Marius"]
[Black "Font Purroy, Vicenc"]
[Result "0-1"]
[WhiteElo "2467"]
[BlackElo "2092"]
[PlyCount "88"]
[EventDate "2015.07.13"]
[EventType "swiss"]
[EventRounds "9"]
[EventCountry "ESP"]
[SourceTitle "Ajedrez en Madrid"]
[Source "lmi"]
[SourceDate "2013.07.13"]
[SourceVersion "1"]
[SourceVersionDate "2019.06.24"]
[SourceQuality "1"]

1. d4 e6 2. c4 Nf6 3. Nc3 Bb4 4. e3 Bxc3+ 5. bxc3 c5 6. Bd3 d6 7. Nf3 Nc6 8.
O-O b6 9. Nd2 Qc7 10. f4 e5 11. d5 Na5 12. fxe5 dxe5 13. Qf3 Nb7 14. Qg3 Nh5
15. Qh4 g6 16. g4 Ng7 17. Rf6 Nd6 18. Ne4 Nxe4 19. Bxe4 Qd7 20. h3 O-O 21. Bd2
Ne8 22. Raf1 Nxf6 23. Qxf6 Ba6 24. Bd3 e4 25. Bxe4 Bxc4 26. Rf4 Qd8 27. Bg2
Bxd5 28. Bxd5 Qxd5 29. Rf2 Qe6 30. Qf4 f5 31. g5 Qe4 32. c4 Qxf4 33. exf4 Rad8
34. Bc3 Rfe8 35. a4 Rd3 36. Bf6 Re1+ 37. Kg2 Rde3 38. Be5 R3e2 39. Bb8 Rxf2+
40. Kxf2 Ra1 41. Bxa7 Rxa4 42. Bxb6 Rxc4 43. Ke3 Re4+ 44. Kd2 c4 0-1

[Event "17. Obert Int. Sant Marti 2015"]
[Site "Barcelona ESP"]
[Date "2015.07.13"]
[Round "1.19"]
[White "Hapala, Elisabeth"]
[Black "Thejkumar, M. S.."]
[Result "0-1"]
[WhiteElo "2083"]
[BlackElo "2467"]
[PlyCount "62"]
[EventDate "2015.07.13"]
[EventType "swiss"]
[EventRounds "9"]
[EventCountry "ESP"]
[SourceTitle "Ajedrez en Madrid"]
[Source "lmi"]
[SourceDate "2013.07.13"]
[SourceVersion "1"]
[SourceVersionDate "2019.06.24"]
[SourceQuality "1"]

1. e4 Nf6 2. e5 Nd5 3. d4 d6 4. c4 Nb6 5. exd6 cxd6 6. Nc3 g6 7. Be3 Bg7 8. Rc1
O-O 9. b3 Nc6 10. d5 Ne5 11. Be2 h5 12. f4 Ng4 13. Bd4 Bh6 14. Qd2 e5 15. dxe6
fxe6 16. Qd3 Kh7 17. h3 Ne5 18. fxe5 Bxc1 19. exd6 e5 20. Bc5 Bf5 21. Qd1 Nd7
22. Bf2 Bh6 23. g4 Qa5 24. gxf5 Qxc3+ 25. Kf1 Rxf5 26. Bd3 Rxf2+ 27. Kxf2 Rf8+
28. Kg2 Nc5 29. Be2 Qe3 30. Qe1 Nd3 31. Qg3 Rf2+ 0-1

[Event "17. Obert Int. Sant Marti 2015"]
[Site "Barcelona ESP"]
[Date "2015.07.13"]
[Round "1.20"]
[White "Narayanan, Srinath"]
[Black "Derakhshani, Borna"]
[Result "1-0"]
[WhiteElo "2464"]
[BlackElo "2079"]
[PlyCount "55"]
[EventDate "2015.07.13"]
[EventType "swiss"]
[EventRounds "9"]
[EventCountry "ESP"]
[SourceTitle "Ajedrez en Madrid"]
[Source "lmi"]
[SourceDate "2013.07.13"]
[SourceVersion "1"]
[SourceVersionDate "2019.06.24"]
[SourceQuality "1"]

1. e4 e5 2. Nf3 Nc6 3. Bb5 a6 4. Ba4 Nge7 5. c3 g6 6. d4 exd4 7. cxd4 b5 8. Bc2
d5 9. exd5 Nb4 10. Bb3 Nbxd5 11. O-O Bg7 12. Bg5 Qd6 13. Nbd2 O-O 14. Ne4 Qb6
15. Re1 c6 16. Qd2 Nf5 17. Nc5 h6 18. Be3 Nfxe3 19. fxe3 Bg4 20. Qf2 Rad8 21.
Rad1 Rfe8 22. h3 Bxf3 23. Qxf3 Re7 24. Kh1 f5 25. e4 fxe4 26. Rxe4 Rxe4 27.
Qxe4 Kh7 28. Bc2 1-0

[Event "17. Obert Int. Sant Marti 2015"]
[Site "Barcelona ESP"]
[Date "2015.07.13"]
[Round "1.21"]
[White "Herms Agullo, Jordi"]
[Black "Cruz, Jonathan"]
[Result "0-1"]
[WhiteElo "2075"]
[BlackElo "2453"]
[PlyCount "68"]
[EventDate "2015.07.13"]
[EventType "swiss"]
[EventRounds "9"]
[EventCountry "ESP"]
[SourceTitle "Ajedrez en Madrid"]
[Source "lmi"]
[SourceDate "2013.07.13"]
[SourceVersion "1"]
[SourceVersionDate "2019.06.24"]
[SourceQuality "1"]

1. e4 e5 2. Nf3 Nc6 3. Nc3 Bd6 4. d4 exd4 5. Nxd4 Be5 6. Nf3 Bxc3+ 7. bxc3 Nf6
8. e5 Qe7 9. Qe2 Ng4 10. Bf4 Qc5 11. c4 Nd4 12. Qe4 Nxf3+ 13. Qxf3 Nxe5 14. Qg3
Qe7 15. Bxe5 f6 16. O-O-O fxe5 17. Re1 d6 18. f4 O-O 19. fxe5 Re8 20. Bd3 dxe5
21. Re2 Qa3+ 22. Kb1 Qb4+ 23. Kc1 Be6 24. Qxe5 Bf7 25. Qxc7 Rxe2 26. Bxe2 Qa3+
27. Kb1 Qb4+ 28. Kc1 Qc3 29. Rd1 Re8 30. Bd3 b5 31. Rf1 Rf8 32. Bxh7+ Kxh7 33.
Rxf7 Re8 34. Re7 Qa3+ 0-1

[Event "17. Obert Int. Sant Marti 2015"]
[Site "Barcelona ESP"]
[Date "2015.07.13"]
[Round "1.22"]
[White "Swapnil, S. Dhopade"]
[Black "Dadello, Aleksandra"]
[Result "1-0"]
[WhiteElo "2453"]
[BlackElo "2068"]
[PlyCount "73"]
[EventDate "2015.07.13"]
[EventType "swiss"]
[EventRounds "9"]
[EventCountry "ESP"]
[SourceTitle "Ajedrez en Madrid"]
[Source "lmi"]
[SourceDate "2013.07.13"]
[SourceVersion "1"]
[SourceVersionDate "2019.06.24"]
[SourceQuality "1"]

1. d4 d5 2. c4 e6 3. Nf3 Nf6 4. Nc3 Be7 5. Bf4 O-O 6. e3 b6 7. Bd3 Bb7 8. O-O
Nbd7 9. cxd5 exd5 10. Qc2 c5 11. Rad1 Rc8 12. dxc5 bxc5 13. Bf5 Ra8 14. Rfe1
Nb6 15. Be5 g6 16. Bh3 Bc8 17. Bxc8 Rxc8 18. Re2 Qd7 19. Red2 Rfd8 20. b3 Qe6
21. h3 Ne4 22. Nxe4 dxe4 23. Rxd8+ Bxd8 24. Qxe4 f6 25. Qh4 g5 26. Qh6 Qf5 27.
Bd6 Nd7 28. Qh5 Ba5 29. h4 Qc2 30. Rf1 Qd3 31. Bg3 gxh4 32. Nxh4 Rd8 33. Rd1
Qe4 34. Nf5 Nf8 35. Rxd8 Bxd8 36. Nh6+ Kg7 37. Qf7+ 1-0

[Event "17. Obert Int. Sant Marti 2015"]
[Site "Barcelona ESP"]
[Date "2015.07.13"]
[Round "1.23"]
[White "Fernandez Aguilar, Francisco"]
[Black "Das, Sayantan"]
[Result "1/2-1/2"]
[WhiteElo "2067"]
[BlackElo "2444"]
[PlyCount "71"]
[EventDate "2015.07.13"]
[EventType "swiss"]
[EventRounds "9"]
[EventCountry "ESP"]
[SourceTitle "Ajedrez en Madrid"]
[Source "lmi"]
[SourceDate "2013.07.13"]
[SourceVersion "1"]
[SourceVersionDate "2019.06.24"]
[SourceQuality "1"]

1. e4 e6 2. Qe2 c5 3. g3 Nc6 4. Nf3 g6 5. Bg2 Bg7 6. c3 Nge7 7. O-O O-O 8. d4
cxd4 9. cxd4 Nxd4 10. Nxd4 Bxd4 11. Rd1 Bg7 12. Nc3 a6 13. Be3 Nc6 14. Rac1 Qe7
15. e5 Bxe5 16. Ne4 d6 17. f4 Bg7 18. Nxd6 Rd8 19. Bc5 Nd4 20. Bxd4 Bxd4+ 21.
Rxd4 Rxd6 22. Qd2 Rxd4 23. Qxd4 Bd7 24. Bxb7 e5 25. fxe5 Rb8 26. Rc7 Rd8 27.
Bxa6 Be6 28. Rxe7 Rxd4 29. Rb7 Ra4 30. Rb8+ Kg7 31. Bf1 Rxa2 32. b4 Ra1 33. Kf2
Ra2+ 34. Kg1 Ra1 35. Kf2 Ra2+ 36. Kg1 1/2-1/2